Municípios da Região Geográfica Imediata de Cajazeiras - Statistics

Estatísticas Gerais
  • Esse quiz foi jogado 23 vezes
  • A pontuação média é 7 de 12
Respostas no mapa
Respostas codificadas por cores de uma escala verde-vermelha no mapa do quiz de acordo com a % correta abaixo.
 
Estatísticas das Respostas
Município % Correto
Cajazeiras
91%
Monte Horebe
64%
São João do Rio do Peixe
64%
Triunfo
64%
Bonito de Santa Fé
55%
Cachoeira dos Índios
55%
Santa Helena
55%
São José de Piranhas
55%
Bom Jesus
45%
Carrapateira
45%
Serra Grande
45%
Poço de José de Moura
27%
Nenhum quiz correspondente encontrado
Distribuição das Pontuações
Porcentagem de Pessoas com Cada Pontuação
Percentil de Números Respondidos
Sua Pontuação Histórica
Você não jogou esse quiz